[Event "?"]
[Site "?"]
[Date "2021.09.15"]
[Round "5"]
[White "Кокодеев, Илья."]
[Black "Амирджанян, Владимир."]
[Result "0-1"]
[WhiteElo "1739"]
[BlackElo "2031"]
[PlyCount "264"]

1. e4 e5 2. Nf3 Nc6 3. Bb5 a6 4. Bxc6 dxc6 5. O-O Bg4 6. h3 h5 7. d3 Qf6 8.
Nbd2 Ne7 9. Re1 Ng6 10. d4 Bd6 11. hxg4 hxg4 12. Nh2 Rxh2 13. Qxg4 Rh4 14. Qf5
Rf4 15. Qxf6 Rxf6 16. Nf3 Re6 17. c3 O-O-O 18. g3 Rde8 19. d5 cxd5 20. exd5
R6e7 21. Ng5 Nf8 22. f3 Nd7 23. Be3 Bc5 24. Bxc5 Nxc5 25. b4 Nd7 26. Rad1 Nb6
27. d6 Rd7 28. dxc7 f6 29. Ne4 Kxc7 30. Nc5 Rxd1 31. Rxd1 Re7 32. g4 Nc4 33.
Rd5 Nd6 34. Ne4 Nxe4 35. fxe4 b5 36. Rc5+ Kb6 37. Rd5 Rc7 38. Rd6+ Kb7 39. Rd3
Rc4 40. Re3 Kc6 41. Kf2 Kd6 42. Ke2 Rc8 43. Rh3 Ke6 44. Kd3 Kf7 45. Rh5 Kg6 46.
Kd2 Rd8+ 47. Ke2 Rd7 48. Rf5 Re7 49. Ke3 Re6 50. Kd2 Rd6+ 51. Ke2 Rd7 52. g5
Re7 53. gxf6 gxf6 54. Rf3 Rh7 55. Kd3 Rh2 56. Rg3+ Kf7 57. Rf3 Rxa2 58. Rh3 Rg2
59. Rh7+ Rg7 60. Rh8 Rg3+ 61. Kd2 Rg2+ 62. Kd3 Ra2 63. Rh3 Ra3 64. Kc2 Ra1 65.
Rg3 Rh1 66. Kd3 Rd1+ 67. Kc2 Rd6 68. Rg2 Rd7 69. Rg1 Rd8 70. Ra1 Rd6 71. Rg1
Kf8 72. Rg2 Rd7 73. Rg1 Kf7 74. Ra1 Rd6 75. Rg1 Ke6 76. Rf1 Rd7 77. Ra1 Ra7 78.
Rf1 Ra8 79. Kd3 Rd8+ 80. Kc2 Rd6 81. Rf2 Kd7 82. Rh2 Kc6 83. Rh8 Kd7 84. Rh7+
Ke6 85. Rh6 Kf7 86. Rh2 Rd8 87. Rh1 Rd7 88. Ra1 Ra7 89. Rg1 Ke6 90. Rh1 a5 91.
bxa5 Rxa5 92. Kb3 Ra4 93. Rh4 Rc4 94. Rg4 Ra4 95. Rh4 Rc4 96. Rg4 Kf7 97. Kb2
Rc8 98. Kb3 Ke6 99. Kb4 Rc7 100. Rh4 Rc6 101. Rg4 Kf7 102. Kb3 Rc4 103. Kb2 Rc8
104. Kb3 Rg8 105. Rh4 Rg3 106. Kb4 Rf3 107. c4 bxc4 108. Kxc4 Rf4 109. Rh1
Rxe4+ 110. Kd3 Ra4 111. Rf1 Ke6 112. Rb1 Ra3+ 113. Ke2 f5 114. Rb6+ Kd5 115.
Rb5+ Kd4 116. Rb4+ Kc5 117. Rh4 f4 118. Rh8 Kd4 119. Rd8+ Ke4 120. Rd2 Rh3 121.
Rd8 Rh2+ 122. Kf1 Ra2 123. Rd1 f3 124. Kg1 Ke3 125. Re1+ Kf4 126. Rd1 e4 127.
Kh1 e3 128. Rb1 e2 129. Kg1 e1=Q+ 130. Rxe1 f2+ 131. Kg2 fxe1=Q+ 132. Kh3 Qg3#
0-1

[Event "?"]
[Site "?"]
[Date "2021.09.15"]
[Round "5"]
[White "Ба~~алиашвили, Эдуард."]
[Black "Фролов, Максим."]
[Result "1/2-1/2"]
[WhiteElo "1947"]
[BlackElo "1701"]
[PlyCount "104"]

1. e4 e6 2. d4 d5 3. Nc3 Bb4 4. exd5 exd5 5. Bd3 Nf6 6. Nge2 O-O 7. O-O Bg4 8.
f3 Bh5 9. Bg5 c6 10. Nf4 Bg6 11. Nxg6 fxg6 12. Ne2 Bd6 13. Qd2 Nbd7 14. Bf4 Qc7
15. Rae1 Rfe8 16. Bxd6 Qxd6 17. c3 Nf8 18. Nf4 Ne6 19. Nxe6 Rxe6 20. Rxe6 Qxe6
21. Re1 Qd6 22. f4 Kf7 23. g3 Re8 24. Re5 Nd7 25. Qf2 Qf6 26. Rxe8 Kxe8 27. Kg2
Nb6 28. b3 Nc8 29. Qe2+ Kf7 30. Qe5 Nd6 31. Kf3 Qxe5 32. dxe5 Ne8 33. c4 Nc7
34. cxd5 cxd5 35. Ke3 Ne6 36. g4 Nc5 37. Bc2 Na6 38. Kd4 b6 39. a3 Nc7 40. f5
gxf5 41. gxf5 g6 42. f6 Ke6 43. a4 Na6 44. Bd1 h5 45. f7 Kxf7 46. Kxd5 Ke7 47.
Kc6 Nc5 48. Bc2 g5 49. b4 Na6 50. Kb7 Nxb4 51. Bb1 g4 52. Kxa7 Nd5 1/2-1/2

[Event "?"]
[Site "?"]
[Date "2021.09.15"]
[Round "5"]
[White "Дедков, Роман."]
[Black "Иванников, Максим."]
[Result "0-1"]
[WhiteElo "1498"]
[BlackElo "1956"]
[PlyCount "102"]

1. c4 e5 2. Nc3 d6 3. e4 f5 4. d3 Be7 5. g3 Nf6 6. Bg2 c6 7. Nge2 O-O 8. O-O
Be6 9. f4 fxe4 10. Nxe4 Nxe4 11. Bxe4 d5 12. cxd5 cxd5 13. Bg2 Nc6 14. fxe5
Rxf1+ 15. Qxf1 Qb6+ 16. Kh1 Rf8 17. Qe1 Nb4 18. Qg1 Qxg1+ 19. Kxg1 g5 20. h4
Nxd3 21. Bxg5 Bc5+ 22. Kh2 Rf2 23. Nf4 Nxf4 24. gxf4 d4 25. Kg3 Rxb2 26. Rf1
Bc4 27. Rc1 d3 28. Rxc4 Rxg2+ 29. Kxg2 d2 30. Rxc5 d1=Q 31. f5 Qg4+ 32. Kf2
Qxf5+ 33. Ke3 Qe6 34. Bf6 Qb6 35. Kd4 Kf7 36. Kc4 Ke6 37. Rb5 Qa6 38. Kc5 b6+
39. Kc4 Qxa2+ 40. Rb3 b5+ 41. Kc3 Qa1+ 42. Kc2 Qa4 43. Kb2 Qc4 44. Rc3 Qd4 45.
Kb3 a5 46. Rc6+ Kf5 47. Rd6 Qb4+ 48. Kc2 a4 49. Rd3 a3 50. Rb3 Qa4 51. Kc3 Qc4+
0-1

[Event "?"]
[Site "?"]
[Date "2021.09.15"]
[Round "5"]
[White "Богаудинов, Рушан."]
[Black "Абылкасымов, Кайратбек."]
[Result "1/2-1/2"]
[WhiteElo "2027"]
[BlackElo "1000"]
[PlyCount "117"]

1. d4 Nf6 2. c4 e6 3. Nf3 d5 4. Nc3 Nbd7 5. Bf4 c6 6. e3 Be7 7. c5 Nh5 8. Bd3
Nxf4 9. exf4 Bf6 10. O-O b6 11. cxb6 axb6 12. Qe2 O-O 13. a4 c5 14. Nb5 Ba6 15.
Ne5 cxd4 16. b4 Rc8 17. Rfe1 Be7 18. Rab1 Nxe5 19. fxe5 Bxb5 20. Bxb5 Rc3 21.
Qd2 Qc7 22. Qxd4 Rc8 23. g3 g6 24. h4 h5 25. Kg2 Kg7 26. Re2 Ra3 27. Re3 Rxe3
28. Qxe3 Qc3 29. Qxc3 Rxc3 30. a5 bxa5 31. bxa5 Ra3 32. a6 Bc5 33. Rc1 Bd4 34.
f4 Ra2+ 35. Kh3 Bb6 36. Rb1 Bd4 37. Bf1 Ra3 38. Rd1 Bc5 39. Bd3 Ra2 40. Rc1 Bd4
41. Rc2 Ra3 42. Bb5 Ra5 43. Be8 Rxa6 44. Rc7 Ra7 45. Rxa7 Bxa7 46. Kg2 Kf8 47.
Bb5 Ke7 48. Kf3 Bb6 49. Bd3 Ba5 50. Ke2 Bb4 51. Bc2 Kf8 52. Bd3 Kg7 53. Bc2 f6
54. exf6+ Kxf6 55. Bd3 Ba5 56. Bc2 Bc7 57. Kf3 e5 58. fxe5+ Bxe5 59. Bd3
1/2-1/2

[Event "?"]
[Site "?"]
[Date "2021.09.15"]
[Round "5"]
[White "Камаев, Джабраил."]
[Black "Семены~~ев, Александр."]
[Result "0-1"]
[WhiteElo "1943"]
[BlackElo "2124"]
[PlyCount "140"]

1. e4 e5 2. Nf3 Nf6 3. Nc3 Nc6 4. Bb5 Bb4 5. d3 d6 6. h3 h6 7. O-O O-O 8. Bxc6
bxc6 9. Ne2 Re8 10. Bd2 Bc5 11. Ng3 Nh7 12. Qe1 Rb8 13. Rb1 Qf6 14. Be3 Bb6 15.
Qe2 Nf8 16. Nh5 Qe6 17. Nh4 g6 18. Qg4 Qxg4 19. Nf6+ Kh8 20. hxg4 Re6 21. Bxh6
Rxf6 22. Bxf8 Bxg4 23. Bh6 d5 24. Bg5 Rd6 25. Nf3 f6 26. Nh2 Bd7 27. Bc1 Be6
28. b3 Kg7 29. Re1 Rbd8 30. Be3 Rh8 31. Nf1 Re8 32. f3 Bc8 33. c4 d4 34. Bd2 f5
35. b4 c5 36. b5 c6 37. a4 cxb5 38. cxb5 a5 39. Rec1 Be6 40. Be1 f4 41. Nd2 g5
42. Nc4 Bxc4 43. Rxc4 g4 44. fxg4 Rg6 45. Kf2 Rxg4 46. Kf3 Rg6 47. Rbc1 Rc8 48.
g3 fxg3 49. Bxg3 Kf6 50. Rh1 Ke6 51. Rh5 Rf8+ 52. Kg2 Kd6 53. Rc2 Rfg8 54. Rh3
Bd8 55. Kh2 Bg5 56. Rh5 Rf8 57. b6 Rf7 58. Rb2 Rb7 59. Rf2 c4 60. dxc4 d3 61.
Rf3 d2 62. Rd3+ Kc5 63. Rd5+ Kxc4 64. Bxe5 Rbxb6 65. Rh3 Rh6 66. Rd4+ Kc5 67.
Rd5+ Kc6 68. Rxh6+ Bxh6 69. Bc3 Rb4 70. Kg2 Rxe4 0-1

[Event "?"]
[Site "?"]
[Date "2021.09.15"]
[Round "5"]
[White "Грановский, Александр."]
[Black "Горовенко, Дарья."]
[Result "1-0"]
[WhiteElo "1000"]
[BlackElo "2068"]
[PlyCount "225"]

1. d4 Nf6 2. Bg5 d5 3. Bxf6 exf6 4. e3 c6 5. Nd2 Qb6 6. b3 a5 7. Bd3 g6 8. Ngf3
Bg7 9. O-O O-O 10. c4 f5 11. a3 Qd8 12. Rc1 Nd7 13. cxd5 cxd5 14. Qc2 Nf6 15.
Bb5 Ne4 16. a4 Be6 17. Qc7 Nd6 18. Be2 Rc8 19. Qxd8 Rfxd8 20. Ne5 Ne4 21. Nb1
Bf8 22. f3 Rxc1 23. Rxc1 Bh6 24. f4 Bf8 25. Nd3 Bd6 26. Kf1 Kf8 27. Ke1 Ke7 28.
Nc3 Ba3 29. Ra1 Bd6 30. Nb5 Rc8 31. Nxd6 Kxd6 32. Rc1 Rxc1+ 33. Nxc1 Bd7 34.
Kd1 Nc3+ 35. Kd2 Nxe2 36. Nxe2 b5 37. axb5 Bxb5 38. Nc3 Kc6 39. g3 Ba6 40. Kc2
Bc8 41. Kb2 Be6 42. Ka3 Kb6 43. b4 h6 44. Kb3 h5 45. Ka3 f6 46. Kb3 Bf7 47.
Na4+ Kb5 48. bxa5 Kxa5 49. Nc5 Kb5 50. Nd7 Ka5 51. Nxf6 Kb5 52. Nh7 Ka5 53. Ng5
Bg8 54. Nf3 Bf7 55. Ne5 Be8 56. Nd3 Bd7 57. Nb4 Kb5 58. Kc3 Be6 59. Nd3 Bd7 60.
Kb3 Ka5 61. Kb2 Kb5 62. h3 Ka5 63. Kc3 Kb5 64. Nc5 Bc8 65. Kd2 Ka5 66. Ke2 Kb5
67. Nd3 Bd7 68. Kf3 Be8 69. Ne5 Kb4 70. g4 hxg4+ 71. hxg4 Kc3 72. g5 Kd2 73.
Kf2 Kc3 74. Ke1 Kc2 75. Ke2 Bb5+ 76. Kf2 Be8 77. Ke1 Kc3 78. Kd1 Ba4+ 79. Ke2
Bb5+ 80. Kf3 Be8 81. e4 dxe4+ 82. Ke3 Kb4 83. Kd2 Kb5 84. Kc3 Kb6 85. Kc4 Bb5+
86. Kb4 Be8 87. d5 e3 88. Nc4+ Kc7 89. Nxe3 Kd6 90. Kc4 Ba4 91. Kd4 Bb3 92.
Nc4+ Ke7 93. Kc5 Ba4 94. Ne5 Be8 95. Nc6+ Kd7 96. Na5 Ke7 97. Kd4 Bb5 98. Ke5
Be8 99. Nb3 Bb5 100. Nc5 Be2 101. Ne6 Bb5 102. d6+ Kf7 103. Nc7 Ba4 104. Kd4
Bd7 105. Kd5 Ba4 106. Kc5 Bd7 107. Kb6 Kf8 108. Nd5 Kf7 109. Nf6 Ba4 110. Kc7
Ke6 111. d7 Bxd7 112. Nxd7 Kd5 113. Ne5 1-0

[Event "?"]
[Site "?"]
[Date "2021.09.15"]
[Round "5"]
[White "Камаева, Джамиля."]
[Black "Арутo^нова, o/oлия."]
[Result "1-0"]
[WhiteElo "1681"]
[BlackElo "1771"]
[PlyCount "63"]

1. d4 d5 2. Nf3 Nf6 3. e3 e6 4. Bd3 Be7 5. O-O O-O 6. b3 Nbd7 7. Bb2 c5 8. Nbd2
b6 9. Ne5 Nxe5 10. dxe5 Ne8 11. f4 g6 12. Rf3 Bb7 13. Rh3 Ng7 14. Qe2 f5 15.
Rf1 Rf7 16. g4 Rc8 17. c4 fxg4 18. Qxg4 dxc4 19. Bxg6 hxg6 20. Qxg6 Bh4 21.
Nxc4 Rc6 22. Nd6 Rxd6 23. exd6 Qxd6 24. Rxh4 Qd2 25. Bc1 Qd5 26. Qg4 e5 27. Rd1
Qe4 28. Rd8+ Rf8 29. Rh8+ Kxh8 30. Rxf8+ Kh7 31. Qh4+ Kg6 32. Rf6# 1-0

[Event "?"]
[Site "?"]
[Date "2021.09.15"]
[Round "5"]
[White "Рататаев, Илья."]
[Black "Кишиев, Фамил."]
[Result "1/2-1/2"]
[WhiteElo "1835"]
[BlackElo "1861"]
[PlyCount "67"]

1. e4 c6 2. d4 d5 3. exd5 cxd5 4. c4 Nf6 5. Nc3 Nc6 6. Nf3 Be6 7. Bg5 h6 8.
Bxf6 exf6 9. cxd5 Bxd5 10. Bb5 Be7 11. O-O O-O 12. Nxd5 Qxd5 13. Bxc6 Qxc6 14.
d5 Qd7 15. Qb3 f5 16. Ne5 Qd6 17. Rfe1 Bf6 18. f4 Rac8 19. Rad1 Rc7 20. Qd3 g6
21. b3 Rfc8 22. g3 Rc3 23. Qb5 Rc2 24. Nc4 R8xc4 25. bxc4 a6 26. c5 Rxc5 27.
Qxb7 Rc2 28. Qa7 Bd8 29. Re8+ Kg7 30. Rxd8 Qxd8 31. d6 Qe8 32. Qd4+ Kh7 33. Qd3
Qc6 34. Qd5 1/2-1/2

[Event "?"]
[Site "?"]
[Date "2021.09.15"]
[Round "5"]
[White "Гильфанов, Марат."]
[Black "Ëo^цингер, Ирен."]
[Result "1-0"]
[WhiteElo "1851"]
[BlackElo "1779"]
[PlyCount "105"]

1. e4 c5 2. Nf3 Nc6 3. d4 cxd4 4. Nxd4 Nf6 5. Nc3 e6 6. Nxc6 bxc6 7. e5 Qc7 8.
exf6 gxf6 9. Qf3 f5 10. Bd3 d5 11. O-O Bd6 12. h3 Rg8 13. Re1 Bb7 14. Be3 O-O-O
15. Bd4 Kb8 16. Qe2 Ka8 17. b4 f4 18. Bxh7 f3 19. Qxf3 e5 20. Bxg8 exd4 21.
Qxf7 Qb8 22. Na4 Rf8 23. Qd7 Rd8 24. Qh7 Rxg8 25. Nc5 Rh8 26. Qxb7+ Qxb7 27.
Nxb7 Kxb7 28. Rab1 Kb6 29. Re6 Rd8 30. a4 a6 31. h4 Kc7 32. g4 Rb8 33. Kg2 Bxb4
34. g5 c5 35. Rxa6 c4 36. g6 d3 37. Ra7+ Kc6 38. cxd3 cxd3 39. h5 d2 40. g7 Rg8
41. h6 Bf8 42. Rd1 Bc5 43. h7 Re8 44. g8=Q Re1 45. Qc8+ Kd6 46. Rd7+ Ke5 47.
Qe8+ Kd4 48. Rxd2+ Kc4 49. Qxe1 d4 50. Qc1+ Kb4 51. Rb7+ Ka5 52. Qxc5+ Ka6 53.
Qa7# 1-0

[Event "?"]
[Site "?"]
[Date "2021.09.15"]
[Round "5"]
[White "Бардык, Артем."]
[Black "Мирзоян, Самвел."]
[Result "1-0"]
[WhiteElo "1924"]
[BlackElo "1829"]
[PlyCount "69"]

1. e4 c5 2. c3 Nf6 3. e5 Nd5 4. Nf3 e6 5. Bc4 d6 6. O-O dxe5 7. Nxe5 Bd6 8. d4
O-O 9. Re1 Qc7 10. Nd2 Nd7 11. Nef3 N7f6 12. Bd3 cxd4 13. cxd4 Bb4 14. a3 Ba5
15. b4 Bb6 16. Bb2 a5 17. Rc1 Qe7 18. b5 Bd7 19. Nc4 a4 20. Nxb6 Nxb6 21. d5
Nbxd5 22. Ne5 Rfd8 23. Qf3 Be8 24. Rcd1 Ra5 25. Ng4 Raa8 26. Re5 Nxg4 27. Qxg4
Nf6 28. Qh4 h6 29. Rh5 Rd5 30. Rxh6 gxh6 31. Bxf6 Qf8 32. Qe4 Rf5 33. g4 Bxb5
34. gxf5 Bc6 35. Qg4+ 1-0

[Event "?"]
[Site "?"]
[Date "2021.09.15"]
[Round "5"]
[White "Крупнова, Анна."]
[Black "Афинеевский, Илья."]
[Result "1-0"]
[WhiteElo "1746"]
[BlackElo "1643"]
[PlyCount "67"]

1. d4 Nf6 2. c4 c5 3. d5 b5 4. Qc2 g6 5. e4 d6 6. Nf3 Bg7 7. cxb5 a6 8. Nc3 O-O
9. a4 Qa5 10. Nd2 Nbd7 11. Nc4 Qd8 12. Bd3 axb5 13. Nxb5 Ba6 14. Nc3 Ng4 15.
O-O Nge5 16. Nxe5 Nxe5 17. Bxa6 Rxa6 18. f4 Nc4 19. Qe2 Bd4+ 20. Kh1 f5 21.
Qxc4 Ra8 22. Nb5 fxe4 23. Nxd4 cxd4 24. Qxd4 Rf5 25. Bd2 Qf8 26. Bc3 Qh6 27. g4
Rff8 28. f5 g5 29. f6 exf6 30. Rxf6 Rxf6 31. Qxf6 Qxf6 32. Bxf6 e3 33. Bxg5 e2
34. Bd2 1-0

[Event "?"]
[Site "?"]
[Date "2021.09.15"]
[Round "5"]
[White "Теймурханлы, Теймурхан."]
[Black "Переверзев, Тимофей."]
[Result "0-1"]
[WhiteElo "1462"]
[BlackElo "1852"]
[PlyCount "62"]

1. d4 d5 2. Nf3 Nf6 3. Bf4 e6 4. e3 c5 5. Nbd2 Nc6 6. c3 a6 7. a4 b6 8. Bd3 Bb7
9. Qe2 Bd6 10. Bxd6 Qxd6 11. dxc5 bxc5 12. e4 Ne5 13. Nxe5 Qxe5 14. Nf3 Qc7 15.
e5 Nd7 16. O-O h6 17. Rfe1 O-O 18. Nh4 Rab8 19. f4 f5 20. Qh5 c4 21. Bxf5 exf5
22. Nxf5 Nc5 23. Nxg7 Qxg7 24. Re3 Ne4 25. Rf1 Bc8 26. Qd1 Be6 27. f5 Rxb2 28.
g3 Qxe5 29. fxe6 Rxf1+ 30. Qxf1 Qxe6 31. Qf4 Qh3 0-1

[Event "?"]
[Site "?"]
[Date "2021.09.15"]
[Round "5"]
[White "Макаренко, Кирилл."]
[Black "Хлыповка, Степан."]
[Result "1/2-1/2"]
[WhiteElo "1821"]
[BlackElo "1725"]
[PlyCount "104"]

1. d4 Nf6 2. c4 g6 3. Nf3 Bg7 4. g3 O-O 5. Bg2 d6 6. O-O Nbd7 7. Nc3 e5 8. e4
c6 9. h3 exd4 10. Nxd4 Re8 11. Be3 Nc5 12. Qc2 a5 13. Rad1 Qc7 14. Ndb5 cxb5
15. Nxb5 Qe7 16. Nxd6 Ne6 17. Nxe8 Qxe8 18. Qd2 Nd7 19. f4 Nec5 20. e5 Bf8 21.
Qf2 Ne6 22. g4 Nd8 23. Bd5 Bg7 24. Rd2 Nf8 25. Qf3 Be6 26. Bd4 Nc6 27. Bc3 Rb8
28. b3 a4 29. Qe4 Ne7 30. Bxe6 fxe6 31. Bb4 Nc6 32. Bd6 Rd8 33. Re2 axb3 34.
axb3 Rd7 35. b4 Nd8 36. c5 Rf7 37. f5 exf5 38. gxf5 gxf5 39. Rxf5 Rxf5 40. Qxf5
Nfe6 41. Rg2 Qd7 42. Qg4 Qe8 43. Bc7 Nc6 44. Bd6 Ncd8 45. Qe4 Qd7 46. Qc4 Kh8
47. b5 h6 48. Kh2 Ng5 49. Rg3 Qf5 50. Qe2 Qd7 51. h4 Nge6 52. Qf1 Qe8 1/2-1/2

[Event "?"]
[Site "?"]
[Date "2021.09.15"]
[Round "5"]
[White "Архипов, Александр."]
[Black "Силенко, Аексей."]
[Result "1/2-1/2"]
[WhiteElo "1613"]
[BlackElo "1792"]
[PlyCount "92"]

1. d4 Nf6 2. Nf3 g6 3. Bf4 Bg7 4. e3 O-O 5. Be2 d6 6. h3 Nbd7 7. c4 b6 8. Nc3
Bb7 9. O-O Re8 10. Re1 e5 11. Bh2 e4 12. Nd2 c5 13. d5 Bf8 14. Qc2 Ne5 15.
Ncxe4 Nxe4 16. Nxe4 f5 17. Nd2 Bg7 18. Rac1 Qf6 19. b3 Rad8 20. f4 Nf7 21. Bd3
Re7 22. Kh1 Rde8 23. e4 Bc8 24. Nf3 fxe4 25. Bxe4 Bf5 26. Bxf5 Rxe1+ 27. Rxe1
Rxe1+ 28. Nxe1 gxf5 29. Bg3 Nh6 30. Qe2 Kf8 31. Nf3 Qa1+ 32. Kh2 Bd4 33. Bh4
Nf7 34. Qe7+ Kg7 35. Qe2 Kf8 36. Bf2 Qc1 37. Bg3 h5 38. Qd2 Qa1 39. Bf2 Bb2 40.
a4 Bc1 41. Qc2 Bxf4+ 42. Bg3 Bxg3+ 43. Kxg3 Qf6 44. Kf2 Ne5 45. Qe2 Nxf3 46.
Qxf3 Qd4+ 1/2-1/2

[Event "?"]
[Site "?"]
[Date "2021.09.15"]
[Round "5"]
[White "Маймин, Леонид."]
[Black "Хлыповка, Лада."]
[Result "1-0"]
[WhiteElo "1686"]
[BlackElo "1555"]
[PlyCount "137"]

1. e4 d5 2. exd5 Qxd5 3. Nc3 Qd6 4. h3 Nf6 5. Nf3 Bf5 6. d4 c6 7. Bc4 e6 8. Ne5
Nbd7 9. Bf4 Qb4 10. Bb3 Nxe5 11. Bxe5 Ne4 12. Qf3 O-O-O 13. O-O Nd2 14. Qh5
Nxf1 15. Qxf7 Qe7 16. Qxe7 Bxe7 17. Kxf1 h5 18. Bxg7 Rhg8 19. Be5 Rg6 20. Ne2
Bg5 21. Rd1 h4 22. c4 Bh6 23. d5 exd5 24. cxd5 Be4 25. f3 Bxd5 26. Bc2 Rg5 27.
Bf4 Rh5 28. Bg6 Bxf4 29. Bxh5 Bg3 30. b3 Rh8 31. Bg4+ Kc7 32. Nc3 Re8 33. Ne2
Re3 34. Nxg3 hxg3 35. h4 a5 36. h5 Re8 37. Rd4 b5 38. f4 a4 39. Rd3 axb3 40.
axb3 Rg8 41. Be2 Kd6 42. Re3 Rf8 43. Rxg3 Rxf4+ 44. Ke1 Rh4 45. Rd3 Kc5 46. g4
Kb4 47. Bd1 Rh1+ 48. Kd2 Rh2+ 49. Kc1 Ra2 50. h6 Be4 51. Re3 Bh7 52. Rg3 c5 53.
g5 Bg6 54. Rh3 Bh7 55. Bh5 Rg2 56. g6 Rxg6 57. Bxg6 Bxg6 58. Kb2 c4 59. bxc4
bxc4 60. h7 c3+ 61. Kc1 Bxh7 62. Rxh7 Kb3 63. Rb7+ Kc4 64. Kc2 Kd4 65. Rc7 Kd5
66. Kxc3 Kd6 67. Rc4 Kd5 68. Ra4 Ke5 69. Kd3 1-0

[Event "?"]
[Site "?"]
[Date "2021.09.15"]
[Round "5"]
[White "Финкельштейн, Александр."]
[Black "Вершинин, Игорь."]
[Result "0-1"]
[WhiteElo "1855"]
[BlackElo "1937"]
[PlyCount "114"]

1. d4 Nf6 2. c4 e6 3. Nf3 b6 4. g3 Bb7 5. Bg2 Bb4+ 6. Bd2 Be7 7. O-O O-O 8. Nc3
Ne4 9. Nxe4 Bxe4 10. b4 d5 11. cxd5 Qxd5 12. Rc1 Nc6 13. Ne1 Nxd4 14. Bxe4 Qxe4
15. e3 Nf5 16. Rxc7 Bxb4 17. Bxb4 Qxb4 18. Qc2 Nd6 19. Nd3 Qe4 20. Rc1 h6 21.
Qb3 Rfd8 22. Nf4 Qf3 23. Qd1 Qxd1+ 24. Rxd1 Nb5 25. Rcd7 Rxd7 26. Rxd7 Nc3 27.
Rd2 b5 28. Ne2 Rc8 29. Nxc3 Rxc3 30. a4 bxa4 31. Rd8+ Kh7 32. Rd4 Rc1+ 33. Kg2
Ra1 34. Rd7 Kg6 35. Rxa7 f5 36. h3 Kf6 37. Ra5 g5 38. g4 a3 39. Kh2 f4 40. exf4
gxf4 41. h4 a2 42. Kg2 e5 43. f3 e4 44. fxe4 f3+ 45. Kh2 Ke6 46. Kg3 Rg1+ 47.
Kxf3 a1=Q 48. Rxa1 Rxa1 49. g5 hxg5 50. hxg5 Rg1 51. Kf4 Rg2 52. e5 Rg1 53. g6
Rxg6 54. Ke4 Rg5 55. Kd4 Rxe5 56. Kc4 Kd6 57. Kd4 Re8 0-1

[Event "?"]
[Site "?"]
[Date "2021.09.15"]
[Round "5"]
[White "Емель~~енков, Иван."]
[Black "Корельский, Егор."]
[Result "0-1"]
[WhiteElo "1741"]
[BlackElo "1896"]
[PlyCount "100"]

1. e4 c5 2. Nf3 e6 3. d4 cxd4 4. Nxd4 a6 5. Nc3 Qc7 6. Bd3 Nf6 7. O-O Nc6 8.
Be3 Ne5 9. h3 b5 10. f4 Nxd3 11. cxd3 d6 12. Rc1 Qb8 13. g4 Bb7 14. g5 Nd7 15.
Qg4 Nc5 16. Rcd1 b4 17. Nce2 d5 18. e5 g6 19. h4 Qd8 20. h5 Rc8 21. Kg2 Qd7 22.
Rh1 a5 23. hxg6 fxg6 24. Rd2 Ba6 25. Rhd1 Bb7 26. Kf2 a4 27. Rc1 Ba6 28. Rxc5
Bxc5 29. Nxe6 Bxe3+ 30. Kxe3 d4+ 31. N2xd4 Bb7 32. f5 Bd5 33. Rf2 Rc1 34. Kd2
Rb1 35. Ke3 Bxa2 36. fxg6 hxg6 37. Ng7+ Kd8 38. Qxd7+ Kxd7 39. e6+ Kd6 40. Rf7
Rh3+ 41. Nf3 Bxe6 42. Rf6 Kd7 43. Nxe6 Re1+ 44. Kd4 Rxe6 45. Ne5+ Kd6 46. Nxg6
Rxf6 47. gxf6 Rf3 48. Ne5 Rf4+ 49. Ke3 Kxe5 50. d4+ Rxd4 0-1

[Event "?"]
[Site "?"]
[Date "2021.09.15"]
[Round "5"]
[White "Задорожный, Егор."]
[Black "Давидян, Владимир."]
[Result "1-0"]
[WhiteElo "1641"]
[BlackElo "1418"]
[PlyCount "61"]

1. d4 Nf6 2. Bg5 h6 3. Bxf6 exf6 4. e3 b6 5. c4 Bb4+ 6. Nc3 O-O 7. Nf3 Bb7 8.
Be2 d6 9. Qb3 Bxc3+ 10. Qxc3 c5 11. d5 Nd7 12. O-O f5 13. Bd3 g6 14. b4 cxb4
15. Qxb4 Nc5 16. Bc2 Qf6 17. Nd4 Rfc8 18. a4 Na6 19. Qb3 Nc5 20. Qa2 f4 21. a5
Nd7 22. a6 Bxd5 23. cxd5 Ne5 24. Qb3 f3 25. Be4 Rc4 26. Rac1 Rac8 27. Rxc4 Rxc4
28. Qd1 g5 29. Bxf3 Nxf3+ 30. Nxf3 b5 31. Nd4 1-0

[Event "?"]
[Site "?"]
[Date "2021.09.15"]
[Round "5"]
[White "Данилина, Софья."]
[Black "Медведев, Федор."]
[Result "1-0"]
[WhiteElo "1485"]
[BlackElo "1557"]
[PlyCount "63"]

1. e4 c5 2. Nf3 Nc6 3. d4 cxd4 4. Nxd4 g6 5. Nc3 Bg7 6. Be3 Nf6 7. Nxc6 bxc6 8.
Bd4 d6 9. f3 Rb8 10. Rb1 c5 11. Be3 Nd7 12. Qd2 Qa5 13. Qc1 Bxc3+ 14. bxc3 Rxb1
15. Qxb1 Qxc3+ 16. Bd2 Qf6 17. Bb5 Qh4+ 18. g3 Qh3 19. Rf1 O-O 20. Rf2 Ne5 21.
Qb3 Be6 22. Qa4 Bd7 23. Bxd7 Qxd7 24. Qb3 Qc7 25. Kf1 Rb8 26. Qc3 Rb1+ 27. Kg2
Qb7 28. a3 Qb5 29. Bh6 f6 30. Qd2 Nc4 31. Qd5+ Kh8 32. Qf7 1-0

[Event "?"]
[Site "?"]
[Date "2021.09.16"]
[Round "6"]
[White "Кухмазов, Арсен."]
[Black "Демидов, Михаил."]
[Result "1/2-1/2"]
[WhiteElo "2472"]
[BlackElo "2549"]
[PlyCount "23"]

1. Nf3 d5 2. e3 Nf6 3. c4 e6 4. b3 c5 5. Bb2 Nc6 6. cxd5 exd5 7. Be2 Bd6 8. O-O
O-O 9. d4 cxd4 10. Nxd4 Re8 11. Nd2 Bd7 12. N2f3 1/2-1/2

[Event "?"]
[Site "?"]
[Date "2021.09.16"]
[Round "6"]
[White "Арбузов, Михаил."]
[Black "Яшметов, Михаил."]
[Result "1/2-1/2"]
[WhiteElo "2183"]
[BlackElo "2249"]
[PlyCount "26"]

1. d4 Nf6 2. c4 g6 3. Nc3 d5 4. cxd5 Nxd5 5. e4 Nxc3 6. bxc3 c5 7. Nf3 Bg7 8.
Be3 Qa5 9. Nd2 O-O 10. Nb3 Qxc3+ 11. Bd2 Qb2 12. Bc1 Qc3+ 13. Bd2 Qb2 1/2-1/2

[Event "?"]
[Site "?"]
[Date "2021.09.16"]
[Round "6"]
[White "Усков, Артем."]
[Black "Елецкий, Иван."]
[Result "0-1"]
[WhiteElo "2100"]
[BlackElo "2469"]
[PlyCount "66"]

1. e4 c6 2. d4 d5 3. f3 e6 4. Nc3 Bb4 5. Qd3 Nf6 6. Nge2 O-O 7. Bf4 b5 8. g3
Be7 9. a3 a5 10. Bg2 Ba6 11. Qd2 c5 12. exd5 cxd4 13. Nxd4 b4 14. axb4 axb4 15.
Nce2 Qxd5 16. Nb3 Nc6 17. Qxd5 Nxd5 18. Bd2 Bf6 19. Rb1 Rfc8 20. f4 Bc4 21.
Nec1 e5 22. Nd3 Re8 23. Nbc5 exf4+ 24. Kd1 Rad8 25. gxf4 b3 26. Rc1 Nd4 27. c3
Ne2 28. Ra1 Ndxc3+ 29. bxc3 Rxd3 30. Nxd3 Bxd3 31. Bc6 b2 32. Rb1 Bxb1 33. Bxe8
Bd3 0-1

[Event "?"]
[Site "?"]
[Date "2021.09.16"]
[Round "6"]
[White "Быков, Егор."]
[Black "Титов, Александр."]
[Result "1-0"]
[WhiteElo "2373"]
[BlackElo "2137"]
[PlyCount "79"]

1. Nf3 Nf6 2. b3 d5 3. Bb2 Bf5 4. g3 e6 5. Bg2 h6 6. O-O Be7 7. d3 O-O 8. Nbd2
Bh7 9. e3 Nbd7 10. Qe2 a5 11. a3 c6 12. Rfe1 Qb6 13. e4 Qa6 14. e5 Ne8 15. a4
Nc7 16. Nf1 b5 17. g4 bxa4 18. bxa4 Rfb8 19. Bc3 Bb4 20. Bd2 Bxd2 21. Qxd2 Rb4
22. g5 h5 23. Ng3 Bg6 24. Ne2 c5 25. Nf4 Qc6 26. Nh4 Nf8 27. c4 Rd8 28. Nhxg6
fxg6 29. Qe3 Kh7 30. Rac1 Rxa4 31. cxd5 Nxd5 32. Nxd5 exd5 33. e6 Re8 34. e7
Nd7 35. Qf3 Rg4 36. Qf7 Nb6 37. Re6 Qd7 38. Rxg6 Rxg2+ 39. Kxg2 Qg4+ 40. Kh1
1-0

[Event "?"]
[Site "?"]
[Date "2021.09.16"]
[Round "6"]
[White "Гоцo^к, Денис."]
[Black "Погосян, Стефан."]
[Result "0-1"]
[WhiteElo "2005"]
[BlackElo "2400"]
[PlyCount "136"]

1. d4 f5 2. Bf4 Nf6 3. e3 d6 4. h3 g6 5. Nf3 Bg7 6. Bc4 e6 7. Be2 O-O 8. c4
Nbd7 9. Nc3 Qe7 10. Bh2 e5 11. c5 e4 12. cxd6 cxd6 13. Nd2 Nb6 14. Nc4 Nxc4 15.
Bxc4+ Be6 16. Qb3 Bxc4 17. Qxc4+ Kh8 18. O-O Rfc8 19. Qb3 Rc6 20. Rac1 Rac8 21.
Ne2 Qd7 22. Rc3 Rxc3 23. Nxc3 Rc6 24. Rc1 a6 25. Kf1 Bf8 26. Ke1 Kg7 27. Kd1
Qf7 28. Qxf7+ Kxf7 29. Rc2 Ke6 30. Ne2 Rxc2 31. Kxc2 Nd5 32. Nf4+ Nxf4 33. Bxf4
Be7 34. Bg3 g5 35. Kd1 h5 36. Ke2 h4 37. Bh2 d5 38. Be5 Bd6 39. Bxd6 Kxd6 40.
g3 Kc6 41. gxh4 gxh4 42. Kd2 Kb5 43. Kc3 Ka4 44. Kc2 Kb4 45. Kd2 a5 46. Kc2 Ka4
47. Kc3 b6 48. Kc2 b5 49. Kd2 b4 50. Ke2 b3 51. a3 Kb5 52. Kd2 Kc4 53. Ke2 f4
54. exf4 Kxd4 55. Kd2 a4 56. Ke2 Kc5 57. Ke3 Kd6 58. f3 exf3 59. Kxf3 Ke6 60.
Kg4 d4 61. f5+ Kf6 62. Kf4 d3 63. Ke3 Kxf5 64. Kxd3 Kf4 65. Ke2 Kg3 66. Ke3
Kxh3 67. Kf3 Kh2 68. Kf2 h3 0-1